| 000 | 01199nam0a2200301 4500 | ||
|---|---|---|---|
| 001 | RU\NLR\bibl\1295006 | ||
| 005 | 20250615145339.0 | ||
| 010 |
_a5-17-001875-4 _bАСТ |
||
| 010 |
_a985-13-0184-1 _bХарвест _95100 |
||
| 035 | _a(NLR Aleph) 001280639 | ||
| 090 |
_a496767 _c496767 |
||
| 100 | _a20081117d2002 |||y0rusy50 ca | ||
| 101 | 0 | _arus | |
| 102 |
_aRU _aBY |
||
| 105 | _aa ||||||||| | ||
| 200 | 1 |
_aГражданская война в США, 1861-1865 _eразвитие военного искусства и военной техники _fКирилл Маль _gпод общ. ред. А.Е. Тараса |
|
| 210 |
_aМинск _cХарвест _aМосква _cАСТ _d2002 |
||
| 215 |
_a591 с., [16] л. цв. ил. _cил., портр. _d21 |
||
| 225 | 1 | _aВоенно-историческая библиотека | |
| 606 | 1 |
_aГражданская война в США _z1861 - 1865 _92282654 _3RU\NLR\auth\661367513 |
|
| 686 | _aЦ35(0)523.3 | ||
| 686 | _aТ3(7США)531 | ||
| 700 | 1 |
_aМаль _bК. М. _gКирилл Маркович _4070 |
|
| 801 | 0 |
_aRU _bNLR _c20081117 _gRCR |
|
| 801 | 1 |
_aRU _bNLR _c20081117 |
|
| 942 | _cBOOK | ||
| 980 | _aNB | ||